000 01950nam0a2200325 4500
001 RU\NLR\bibl\1523994
005 20260407030329.0
021 _aRU
_b2010-36114
_92422
035 _a(NLR Aleph) 001515346
090 _a106467
_c106467
100 _a20100519d2010 |||y0rusy50 ca
101 0 _arus
102 _aRU
105 _aa |||||||||
200 1 _aКонтроль качества на строительстве мостов
_eпособие для инженерно-технических работников мостостроительных организаций
_fОткрытое акционерное общество по проектированию строительства мостов "Ин-т Гипростроймост"
_g[сост.: С.Г. Вейцман и др.]
205 _a2-е перераб. изд. с учетом выхода новых нормат. и руковод. док.
210 _aМосква
_cИнститут Гипростроймост
_d2010
215 _a408 с.
_cил.
_d21
606 1 _aМосты
_jРуководства, пособия и т.п.
_xСтроительство
_xТехнический контроль
_92484914
_3RU\NLR\auth\661474847
610 0 _aТранспорт -- Искусственные сооружения на транспорте -- Мосты -- Технология мостостроения -- Технический контроль -- Контроль технологического процесса -- Пособие для специалистов
686 _aО112.2-06-7,07
_2rubbk
686 _aО112.2-07я7
702 1 _aВейцман
_bС. Г.
_4220
712 0 2 _4570
_a"Гипростроймост", институт
_cМосква
_9522175
_3RU\NLR\AUTH\8810012196
801 0 _aRU
_bРГБ
_c20100519
_grcr
801 1 _aRU
_bРГБ
_c20100519
801 2 _aRU
_bNLR
_c20100616
_grcr
942 _cBOOK
980 _aNB